000 00642nam a2200253Ia 4500
001 16829
003 GE_BSU
008 181216s||||||||xx |||||||||||||| ||und||
020 _a9781780984445
040 _cGE_BSU
080 _a811.111(075.8)
100 _aEvans, Virginia. Dooley,Jenny
245 _aPrime Time 1. Teacher's Book
260 _aNewbury
260 _bExpress Publishing
260 _c2012
300 _a244p.ill.30cm.
300 _e+teacher's resource pack CD Room 1
541 _h37Gel.41T.
653 _aPrime Time 1
653 _aTeacher's Book
653 _aინგლისური ენა
942 _cBK
999 _c49894
_d49894